Countries with a Slavic Official Language - Statistics

General Stats
  • This quiz has been taken 334 times
    301 since last reset
  • The average score is 19 of 21
Answer Stats
Country % Correct
Russia
99%
Croatia
98%
Poland
98%
Serbia
98%
Slovakia
98%
Slovenia
98%
Ukraine
98%
Bosnia and Herzegovina
97%
Czech Republic
97%
Belarus
96%
Bulgaria
96%
Montenegro
94%
Macedonia
93%
Kosovo
90%
Kazakhstan
87%
Moldova
85%
Albania
80%
Romania
80%
Kyrgyzstan
72%
Austria
59%
Italy
43%
No matching quizzes found
Score Distribution
Percent of People with Each Score
Percentile by Number Answered
Your Score History
You have not taken this quiz since the last reset